Insanely great : (Record no. 781)

000 -LEADER
fixed length control field 00977nam a22002777a 4500
001 - CONTROL NUMBER
control field 1107566
003 - CONTROL NUMBER IDENTIFIER
control field OSt
005 - DATE AND TIME OF LATEST TRANSACTION
control field 20210422053604.0
008 - FIXED-LENGTH DATA ELEMENTS--GENERAL INFORMATION
fixed length control field 930805s1994 nyu b 000 0 eng
010 ## - LIBRARY OF CONGRESS CONTROL NUMBER
LC control number 93030495
020 ## - INTERNATIONAL STANDARD BOOK NUMBER
International Standard Book Number 0670852449 :
Terms of availability $20.95 ($25.99 Canada)
040 ## - CATALOGING SOURCE
Original cataloging agency DLC
Transcribing agency DLC
Modifying agency DLC
050 00 - LIBRARY OF CONGRESS CALL NUMBER
Classification number QA76.8.M3
Item number L487 1994
080 ## - UNIVERSAL DECIMAL CLASSIFICATION NUMBER
Universal Decimal Classification number 004
Item number L-62
082 00 - DEWEY DECIMAL CLASSIFICATION NUMBER
Classification number 338.7/61004165
Edition number 20
100 1# - MAIN ENTRY--PERSONAL NAME
Personal name Levy, Steven.
245 10 - TITLE STATEMENT
Title Insanely great :
Remainder of title the life and times of Macintosh, the computer that changed everything /
Statement of responsibility, etc. Steven Levy.
260 ## - PUBLICATION, DISTRIBUTION, ETC.
Place of publication, distribution, etc. New York :
Name of publisher, distributor, etc. Viking,
Date of publication, distribution, etc. 1994.
300 ## - PHYSICAL DESCRIPTION
Extent x, 292 p. ;
Dimensions 20 cm.
504 ## - BIBLIOGRAPHY, ETC. NOTE
Bibliography, etc. note Includes bibliographical references (p. [289]-292).
650 #0 - SUBJECT ADDED ENTRY--TOPICAL TERM
Topical term or geographic name entry element Macintosh (Computer)
653 ## - INDEX TERM--UNCONTROLLED
Uncontrolled term კომპიუტერი
906 ## - LOCAL DATA ELEMENT F, LDF (RLIN)
a 7
b cbc
c orignew
d 1
e ocip
f 19
g y-gencatlg
942 ## - ADDED ENTRY ELEMENTS (KOHA)
Source of classification or shelving scheme
Koha item type Books
Holdings
Withdrawn status Lost status Source of classification or shelving scheme Damaged status Not for loan Permanent location Current location Date acquired Inventory number Total Checkouts Full call number Barcode Date last seen Price effective from Koha item type
          Ken Walker International University Ken Walker International University 12/21/2020 2178   004 L-62 2178 12/21/2020 12/21/2020 Books

Powered by Koha